"Je t'aime" en 20 langues - Statistiques

Statistiques générales
  • Ce quiz a été pris 540 fois
  • Le résultat moyen est 9 sur 20
Statistiques - réponses
Hint Réponse % Correct
I love you Anglais
94%
ich liebe dich Allemand
93%
Te quiero Espagnol
90%
Ti amo Italien
85%
Eu te amo Portugais
66%
Aishitemasu Japonais
59%
Ik houd van je Néerlandais
48%
seni seviyorum Turc
40%
Te iubesc Roumain
32%
Jeg elsker deg Norvégien
31%
Minä rakastan sinua Finnois
29%
Ngiyakuthanda Zoulou
29%
miluji tě Thèque
28%
YA tebya lyublyu Russe
27%
main aapase pyaar karatee hoon Hindi
26%
Ek het jou lief / Ek is lief vir jou Afrikaans
25%
ouhibouk / ouhibouki Arabe
22%
Kocham cię Polonais
22%
Anee ohev otakh Hébreu
21%
S’ayapo Grec
14%
Aucun quiz correspondant
Distribution des résultats
% des personnes avec chaque résultat
Percentile par nombre de réponses
Votre historique - résultats
Vous n’avez pas pris ce quiz